000 00872nam a2200289 a 4500
001 000005803
003 DO-SdBNP
005 20240412074203.0
007 ta
008 090824s2009 dr 000 j spa d
020 _a9789945427363
040 _aDO-SdBNP
_bspa
_cBNPHU
082 4 _222
_aRD863.44
_bH344b
100 1 _aHasbún Espinal, Judet
_916410
245 1 0 _aBreves historias de amor /
_cJudet Hasbún Espinal.
260 _aSanto Domingo :
_bBúho,
_c2009.
300 _a178 p. ;
_c22 cm.
500 _aIncluye datos biográficos del autor en las solapas
504 _aBibliografía: p. 178
590 _aInventariado, 2019/BT
650 1 0 _aCuentos dominicanos
_9176
650 1 0 _aLiteratura dominicana.
_967
650 1 4 _aEndogamía y exogamia
_916411
650 1 4 _aIncesto
_916412
910 _aValidado. Control de calidad MMOLINA
942 _2ddc
_cLBS1
999 _c5599
_d5599